000
00335 a2200157 4500
001
68130
020
_a
9783126767453
040
_c
Anchieta - Pituba
100
_a
Krulak-Kempisty, Elzbieta
240
1
0
_a
Maximal A2
_l
deu / ger
245
1
0
_a
Maximal A2
300
_a
155
362
0
_a
2019
650
4
_a
Língua alemã
942
_c
BK
999
_c
68130
_d
68130